000 00730nam a2200217Ii 4500
003 JO-AjNU
008 230605s9999||||xx |||||||||||||| ||und||
017 _a2018/10/5054
020 _a978-9957-96-599-0
040 _aJO-AjNU
_bara
_erda
_cJO-AjNU
041 _aara
050 1 4 _aHG5711 2019
100 3 _aتاليف نمر، عمر,
_eauthor
_963919
245 0 0 _aالاستثمار في المشاريع الخاصة
264 3 1 _aعمان: دار غيداء للنشر والتوزيع، 2019
300 _a209ص
336 _atext
_btxt
_2rdacontent
337 _aunmediated
_bn
_2rdamedia
338 _avolume
_bnc
_2rdacarrier
650 4 _aالاستثمار الخاص-المشاريع الاستثمارية
_963920
999 _aA29018
_c32586
_d32586